000 00328 a2200157 4500
001 186054
020 _a0-19-422872-X
040 _cMagnum
100 _aFlinders, Steve
240 1 0 _aThe olympic games
_lING
245 1 0 _aThe olympic games
300 _a30
362 0 _a2000
697 _aLITERATURA INGLESA
942 _cBK
999 _c186054
_d186054